| 000 | 00000nam 2200000zi 4500 |
| 001 | 9.900082 |
| 003 | CaOODSP |
| 005 | 20221107175309 |
| 006 | m o d f |
| 007 | cr ||||||||||| |
| 008 | 210525t20212021quca o f000 0 eng d |
| 020 | |a9780660390062 |
| 040 | |aCaOODSP|beng|erda|cCaOODSP |
| 043 | |an-cn--- |
| 086 | 1 |aEn4-433/2021E-PDF |
| 245 | 00|aToward the creation of a Canada water agency : |bstakeholder and public engagement - what we heard. |
| 264 | 1|a[Gatineau, QC] : |bGovernment of Canada = Gouvernement du Canada, |c[2021] |
| 264 | 4|c©2021 |
| 300 | |a1 online resource (37 pages) : |bcolour illustrations |
| 336 | |atext|btxt|2rdacontent |
| 337 | |acomputer|bc|2rdamedia |
| 338 | |aonline resource|bcr|2rdacarrier |
| 500 | |aIssued also in French under title: Vers la création d’une agence canadienne de l’eau : consultation des intervenants et du public - ce que nous avons entendu. |
| 500 | |aIssued by: Environment and Climate Change Canada. |
| 650 | 0|aEnvironmental agencies|zCanada|xPlanning. |
| 650 | 0|aWater resources development|zCanada|xPlanning. |
| 650 | 0|aWater conservation|zCanada|xPlanning. |
| 710 | 1 |aCanada. |bEnvironment and Climate Change Canada, |eissuing body. |
| 775 | 08|tVers la création d’une agence canadienne de l’eau : |w(CaOODSP)9.900083 |
| 856 | 40|qPDF|s10.72 MB|uhttps://publications.gc.ca/collections/collection_2021/eccc/En4-433-2021-eng.pdf |
| 986 | |aEC21038 |